00479nam a2200205Ia 4500008004000000041000800040082001200048100001500060245005100075260004500126440000700171650000700178650000800185650000700193650001500200650001200215650001200227650001400239700002000253210210b1914 xxu||||| |||| 00| 0 eng d aeng a826/238 aWARD (A W) aCambridge history of english literature Vol XI aCambridgebAt the University Pressc1914 aXI aXI aVol aof aliterature ahistory aenglish aCambridge aWALLER (A R) Ed